<?xml version="1.0" encoding="UTF-8"?>
<collection xmlns="http://www.loc.gov/MARC21/slim">
 <record>
  <leader>01558nam a22002297a 4500</leader>
  <controlfield tag="001">NCT_90301</controlfield>
  <controlfield tag="008">210621b        xxu||||| |||| 00| 0 vie d</controlfield>
  <datafield tag="999" ind1=" " ind2=" ">
   <subfield code="c">4455</subfield>
   <subfield code="d">4455</subfield>
  </datafield>
  <datafield tag="020" ind1=" " ind2=" ">
   <subfield code="a">9786045990445</subfield>
   <subfield code="c">110000</subfield>
  </datafield>
  <datafield tag="082" ind1="0" ind2="4">
   <subfield code="2">23rd ed.</subfield>
   <subfield code="a">658.4022</subfield>
   <subfield code="b">G662</subfield>
  </datafield>
  <datafield tag="100" ind1="1" ind2=" ">
   <subfield code="a">Gordon, Jon</subfield>
  </datafield>
  <datafield tag="245" ind1="1" ind2="0">
   <subfield code="a">Xây dựng kỹ năng làm việc nhóm hiệu quả =</subfield>
   <subfield code="b">The power of a positive team</subfield>
   <subfield code="c">Jon Gordon ; Phạm Lan Anh (Dịch)</subfield>
  </datafield>
  <datafield tag="260" ind1=" " ind2=" ">
   <subfield code="a">H.</subfield>
   <subfield code="b">Lao động</subfield>
   <subfield code="c">2019</subfield>
  </datafield>
  <datafield tag="300" ind1=" " ind2=" ">
   <subfield code="a">246 tr.</subfield>
   <subfield code="c">20cm</subfield>
  </datafield>
  <datafield tag="520" ind1="3" ind2=" ">
   <subfield code="a">Tác giả chỉ ra một số phương pháp xây dựng nhóm làm việc hiệu quả, như: phải biết kiến tạo và chia sẻ tầm nhìn, sứ mệnh, làm việc với nhau dựa trên niềm tin, sự tích cực, tinh thần lạc quan, tích cực chuyển hoá, đào thải sự tiêu cực; trao cho nhau sự kết nối, cam kết và quan tâm...</subfield>
  </datafield>
  <datafield tag="653" ind1=" " ind2=" ">
   <subfield code="a">Quản trị kinh doanh</subfield>
  </datafield>
  <datafield tag="700" ind1="1" ind2=" ">
   <subfield code="a">Phạm Lan Anh</subfield>
   <subfield code="e">Dịch</subfield>
  </datafield>
  <datafield tag="942" ind1=" " ind2=" ">
   <subfield code="2">ddc</subfield>
   <subfield code="c">BK</subfield>
  </datafield>
  <datafield tag="952" ind1=" " ind2=" ">
   <subfield code="0">0</subfield>
   <subfield code="1">0</subfield>
   <subfield code="2">ddc</subfield>
   <subfield code="4">0</subfield>
   <subfield code="6">658_402200000000000_G662</subfield>
   <subfield code="7">0</subfield>
   <subfield code="9">21341</subfield>
   <subfield code="a">000001</subfield>
   <subfield code="b">000001</subfield>
   <subfield code="d">2021-06-21</subfield>
   <subfield code="o">658.4022 G662</subfield>
   <subfield code="p">MD.18624</subfield>
   <subfield code="r">2021-06-21</subfield>
   <subfield code="v">110000.00</subfield>
   <subfield code="w">2021-06-21</subfield>
   <subfield code="y">BK</subfield>
  </datafield>
  <datafield tag="952" ind1=" " ind2=" ">
   <subfield code="0">0</subfield>
   <subfield code="1">0</subfield>
   <subfield code="2">ddc</subfield>
   <subfield code="4">0</subfield>
   <subfield code="6">658_402200000000000_G662</subfield>
   <subfield code="7">0</subfield>
   <subfield code="9">21342</subfield>
   <subfield code="a">000001</subfield>
   <subfield code="b">000001</subfield>
   <subfield code="d">2021-06-21</subfield>
   <subfield code="o">658.4022 G662</subfield>
   <subfield code="p">MD.18625</subfield>
   <subfield code="r">2021-06-21</subfield>
   <subfield code="v">110000.00</subfield>
   <subfield code="w">2021-06-21</subfield>
   <subfield code="y">BK</subfield>
  </datafield>
  <datafield tag="952" ind1=" " ind2=" ">
   <subfield code="0">0</subfield>
   <subfield code="1">0</subfield>
   <subfield code="2">ddc</subfield>
   <subfield code="4">0</subfield>
   <subfield code="6">658_402200000000000_G662</subfield>
   <subfield code="7">0</subfield>
   <subfield code="9">21343</subfield>
   <subfield code="a">000001</subfield>
   <subfield code="b">000001</subfield>
   <subfield code="d">2021-06-21</subfield>
   <subfield code="o">658.4022 G662</subfield>
   <subfield code="p">MD.18626</subfield>
   <subfield code="r">2021-06-21</subfield>
   <subfield code="v">110000.00</subfield>
   <subfield code="w">2021-06-21</subfield>
   <subfield code="y">BK</subfield>
  </datafield>
  <datafield tag="980" ind1=" " ind2=" ">
   <subfield code="a">Thư viện Trường Đại học Nam Cần Thơ</subfield>
  </datafield>
 </record>
</collection>
